000 00677cam a2200241 4500500
005 20260405003538.0
041 _afre
042 _adc
100 1 0 _aGastineau, Nicolas
_eauthor
245 0 0 _aL’asexualité, ou le désir de ne plus en avoir
260 _c2022.
500 _a50
690 _aAsexualité
690 _aBesoin
690 _aJouissance
690 _aLGBTQI
690 _aManque
690 _aNaturel
690 _aSexe
690 _aSexualité
786 0 _nPhilosophie magazine | 162 | 9 | 2022-09-01 | p. 12-12 | 1951-1787
856 4 1 _uhttps://shs.cairn.info/magazine-philosophie-magazine-2022-9-page-12?lang=fr&redirect-ssocas=7080
999 _c2068561
_d2068561